00258nam a2200109Ia 4500003000400000005001700004008004100021040002000062100001600082245002700098260002300125OSt20230727053731.0170524s9999 xx 000 0 und d cIIMT UNIVERSITY aROBBINS- SP 0aORGANIZATION BEHAVIOUR bHIMALYA PUB. HOUSE